All 50k U.S. Cities on a Map by Letter - D - Statistics

General Stats
  • This quiz has been taken 5,220 times
    1,704 since last reset
  • The average score is 17 of 33
Answers on the Map
Answers color-coded by a green-red scale on the quiz's map according to % correct below.
 
Answer Stats
City State Population % Correct
Dallas TX 1,326,087
99%
Denver CO 729,019
99%
Detroit MI 645,705
98%
Des Moines IA 213,096
96%
Dayton OH 136,346
88%
Durham NC 301,870
87%
Duluth MN 87,986
84%
Daytona Beach FL 86,015
77%
Davenport IA 100,938
73%
Denton TX 165,998
66%
Dearborn MI 106,377
63%
Danbury CT 88,692
55%
Dubuque IA 58,987
55%
Daly City CA 101,418
52%
Decatur IL 68,763
52%
Decatur AL 57,974
52%
Deltona FL 100,513
52%
Dothan AL 71,650
48%
Davie FL 112,052
45%
Downey CA 109,368
42%
Davis CA 67,125
39%
Deerfield Beach FL 90,507
38%
Dearborn Heights MI 61,040
33%
Dublin CA 70,544
30%
Delray Beach FL 70,140
29%
Doral FL 83,625
28%
Des Plaines IL 58,832
27%
Delano CA 53,198
24%
Draper UT 50,166
22%
DeSoto TX 56,711
21%
Dunwoody GA 51,795
20%
Diamond Bar CA 52,292
18%
Downers Grove IL 50,552
18%
No matching quizzes found
Score Distribution
Percent of People with Each Score
Percentile by Number Answered
Your Score History
You have not taken this quiz since the last reset